As Aventuras de Huckleberry Finn (Registo nº 198198)

Detalhes MARC
000 -Etiqueta do registo
Valores 00768nam 22002293 4500
010 ## - Número ISBN
ISBN 978-972-0-73021-3
021 ## - Número do Depósito Legal
Número 460362/19
100 ## - Dados gerais de processamento
Dados gerais 20251001d u||y0pory50 ba
200 ## - Titulo e menção de responsabilidade
Título próprio As Aventuras de Huckleberry Finn
Primeira menção de responsabilidade Mark Twain
Outras menções de responsabilidade ilustrações de Weberson Santiago
-- adaptação para a língua portuguesa de Filomena Aguiar de Vasconcelos
205 ## - Menção da edição
Edição
210 ## - Publicação
Local de publicação Lisboa
Nome do editor Porto Editora
Data de publicação 2019
215 ## - Descrição física 
Paginação / Volumes 444, [4] p.
Outras indicações físicas brochado
Dimensões 21 cm
225 ## - Colecção 
Título próprio da colecção #clássicos
Indicação de volume 4
300 ## - Notas gerais 
Texto da nota Com apresentação de Jo March (Mulherzinhas).
606 ## - Nome comum usado como assunto
ID Autoridade 57
Palavra de ordem Literatura Juvenil Americana
675 ## - CDU
Notação 821.111(73)-93
Edição PT
Língua por
700 ## - Autor principal (pessoa individual)
ID Autoridade 784
Apelido Twain
Nome Mark
Datas 1835-1910
801 ## - Fonte de origem
País PT
Agência BMMN
Regras de catalogação RPC
830 ## - Notas gerais do catalogador
Criado por Ana Caetano
990 ## - Elementos KOHA
Tipo de documento Livro
Exemplares
Situação do levantamento Biblioteca de origem Código de barras Cota Permissão de empréstimo Tipo de documento Forma de aquisição
  Biblioteca Escola São João de Deus 26422 821.111(73)-93 TWA   Livro Oferta
  Biblioteca Escola São João de Deus 26423 821.111(73)-93 TWA   Livro Oferta

Powered by Koha